000
00298nam a2200121Ia 4500
008
190802s9999 xx 000 0 und d
020
_a
969-8773-35-5
100
_a
Prof. Dr. Nisar Ahmed
245
0
_a
Khutaba Hijat-ul-Wida
260
_a
Lahore
_b
Bait-ul-Hikma
_c
2005
300
_a
256:p
942
_c
BK
999
_c
2478
_d
2478